Statystyki dla Polacy w EFL Championship sezon 2019/2020

Kliknij tutaj aby rozwiązać quiz!

Ogólne statystyki

  • Ten quiz został rozwiązany 140 razy
  • Średni wynik to 5 z 6

Statystyki odpowiedzi

KlubPozycjaZawodnik% Poprawnych
Leeds UnitedPomocnikMateusz Klich
99%
Derby CountyObrońca/PomocnikKrystian Bielik
98%
West Bromwich AlbionPomocnikKamil Grosicki
92%
FC MillwallBramkarzBartosz Białkowski
85%
Huddersfield TownBramkarzKamil Grabara
81%
Leeds UnitedPomocnikMateusz Bogusz
60%

Rozkład punktacji

Percentyl według liczby udzielonych odpowiedzi

Procent ludzi z każdym wynikiem

Twoja historia wyników

Nie rozwiązałeś tego quizu